Jay Lee
N/A
Categories
RMP - World Mythology | 0 | 3 | 0 | 0 | 30 | 65 | 97.33 | 0 | 0 |
Science - Physics | 0 | 3 | 0 | 0 | 30 | 98 | 110.67 | 0 | 0 |
Science - Chemistry | 0 | 2 | 0 | 0 | 20 | 121 | 121.50 | 0 | 0 |
Science - Astronomy | 0 | 1 | 0 | 0 | 10 | 112 | 112.00 | 0 | 0 |
Science - Biology | 0 | 1 | 0 | 0 | 10 | 117 | 117.00 | 0 | 0 |
Social Science - Psychology | 0 | 1 | 0 | 0 | 10 | 92 | 92.00 | 0 | 0 |
History - American | 0 | 1 | 0 | 0 | 10 | 118 | 118.00 | 0 | 0 |
Literature - British | 0 | 1 | 0 | 0 | 10 | 121 | 121.00 | 0 | 0 |
Social Science - Other | 0 | 1 | 0 | 0 | 10 | 121 | 121.00 | 0 | 0 |
Fine Arts - Jazz | 0 | 1 | 0 | 0 | 10 | 119 | 119.00 | 0 | 0 |
RMP - Greco-Roman Mythology | 0 | 0 | 0 | 0 | 0 | 0.00 | 0 | 0 | |
Other - Other Academic and General Knowledge | 0 | 0 | 0 | 0 | 0 | 0.00 | 0 | 0 |